000 00605nam a22002057a 4500
999 _c10806
_d10806
003 AR-CdUCM
008 190329b ||||| |||| 00| 0 spa d
040 _aMUNICIPALIDAD PROVINCIAL DEL CUSCO
_cBIBLIOTECA MUNICIPAL DEL CUSCO
041 _heng
082 _aES / 800 /
_bT98
_22ed.
100 _aTwain, Mark
_9733
245 _aAventuras de Huck Finn /
260 _aBarcelona :
_bBruguera ;
_c1959.
300 _a255 páginas ;
_bIlustraciones
_c20cm
440 _aColección Historias
_927112
505 _aContenido: Novela
650 _aLiteratura
_9416
942 _2ddc
_cLIBROS
945 _anom